00502 2200205 4500001002100000005001700021008004100038035002400079082001000103090001700113100002000130245003000150260003800180300001900218650001400237850001200251985000600263990001200269999001500281YOGYA-0209000005971820090227034704.0 ind  0010-020900000059718 a335.4 a335.4bBor K aBORKENAU, Franz aKarl MarxcFranz Borkenau aHamburgbFischer Buchrei KGc1960 a224 hlmc18 cm aKomunisme aYOPDYOG a1 aBelanda ab000004550